España infinita / (Registro nro. 13930)

Detalles MARC
000 -LEADER
fixed length control field 02473nam a2200301 a 4500
001 - CONTROL NUMBER
control field
003 - CONTROL NUMBER IDENTIFIER
control field DO-SdBNP
005 - DATE AND TIME OF LATEST TRANSACTION
control field 20211228103921.0
008 - FIXED-LENGTH DATA ELEMENTS--GENERAL INFORMATION
fixed length control field 091001s2016 dr ac r 001 p spa d
020 ## - INTERNATIONAL STANDARD BOOK NUMBER
International Standard Book Number 9789945435245
040 ## - CATALOGING SOURCE
Original cataloging agency DO-SdBNP
Language of cataloging spa
Transcribing agency BPMSU
082 ## - DEWEY DECIMAL CLASSIFICATION NUMBER
Classification number 946
Item number B171e, 2016
Edition number 22
100 1# - MAIN ENTRY--PERSONAL NAME
Personal name Balaguer, Joaquín,
Dates associated with a name 1906-2002
9 (RLIN) 2
245 10 - TITLE STATEMENT
Title España infinita /
Statement of responsibility, etc. Joaquín Balaguer.
250 ## - EDITION STATEMENT
Edition statement 3a. ed.
260 ## - PUBLICATION, DISTRIBUTION, ETC. (IMPRINT)
Place of publication, distribution, etc. Santo Domingo :
Name of publisher, distributor, etc. Fundación Joaquín Balaguer,
Date of publication, distribution, etc. 2016.
300 ## - PHYSICAL DESCRIPTION
Extent 245 p. :
Other physical details il. ;
Dimensions 24 cm.
500 ## - GENERAL NOTE
General note Incluye referencias bibliográficas y notas al pie de las páginas
500 ## - GENERAL NOTE
General note Incluye índice onomástico
505 0# - FORMATTED CONTENTS NOTE
Formatted contents note Orígenes -- El clima -- La tierra -- Las distintas España -- -- Qué es una Nación? -- La última de las España -- La concepción de Bolívar -- Las relaciones de España con sus antiguas colonias -- Repercusión en Europa -- La antiespaña -- La nueva era -- Europa y el libre examen -- El padre Mariana, precursor de la revolución francesa -- la Inquisición y los intelectuales españoles -- La ciencia y los españoles -- La intolerancia -- España y la conquista de América -- La barbarie en las diferentes razas humanas -- España y la Edad Media -- Primacía de España en la edad media -- Los siglos XIV y XV --Los humanistas -- Alfonso V de Aragón -- Elio Antonio de Nebrija -- Rasgos típicos del caracter español- - Clericales y anticlericales -- La práctica religiosa en América y en España -- La historia y sus protagonistas -- Las órdenes -- Pascal y los jesuitas -- Disidencia de los jesuitas -- La orden de los dominicos -- El Cid -- Argumento del dracma -- Viriato -- España en las artes y las letras -- La herencia griega -- El teatro español -- Tirso de Molina -- Los sainetes -- La zarzuela -- La narrativa -- Alarcón -- Pereda -- El señor Bembibre -- Pérez Galdós -- El renacimiento español del siglo XVI -- Lulio -- Suárez -- Vives -- Fox Morcillo -- Síntesis -- La filosofía española contemporánea -- La poesía española -- El gongorismo -- Culteranismo y conceptismo -- Los grandes escritores -- Quevedo -- Baltasar Gracián -- Garcilaso -- José Zorrilla -- La poesía en
590 ## - LOCAL NOTE (RLIN)
Local note Inventariado, 2021/VM
650 #4 - SUBJECT ADDED ENTRY--TOPICAL TERM
Topical term or geographic name as entry element Literatura española
General subdivision Historia y crítica
651 #4 - SUBJECT ADDED ENTRY--GEOGRAPHIC NAME
Geographic name España
General subdivision Historia
651 #4 - SUBJECT ADDED ENTRY--GEOGRAPHIC NAME
Geographic name España
General subdivision Civilización
710 2# - ADDED ENTRY--CORPORATE NAME
Corporate name or jurisdiction name as entry element Fundación Joaquín Balaguer (República Dominicana)
910 ## - USER-OPTION DATA (OCLC)
User-option data VMateo V.
942 ## - ADDED ENTRY ELEMENTS (KOHA)
Source of classification or shelving scheme Dewey Decimal Classification
Koha item type Libros
Existencias
Withdrawn status Lost status Source of classification or shelving scheme Damaged status Not for loan Collection code Home library Current library Date acquired Source of acquisition Full call number Barcode Date last seen Price effective from Koha item type Copy number Total Checkouts
    Dewey Decimal Classification     Colección Dominicana Biblioteca Pública Metropolitana Salomé Ureña Biblioteca Pública Metropolitana Salomé Ureña 12/28/2021 Fundación Joaquín Balaguer BPMSU CD 946 B171e 2016 BPMSU21120031 12/28/2021 12/28/2021 Libros    
    Dewey Decimal Classification     Colección Dominicana Biblioteca Pública Metropolitana Salomé Ureña Biblioteca Pública Metropolitana Salomé Ureña 12/28/2021 Fundación Joaquín Balaguer BPMSU CD 946 B171e 2016 BPMSU21120032 12/28/2021 12/28/2021 Libros e.2  
    Dewey Decimal Classification     Colección Dominicana Biblioteca Pública Metropolitana Salomé Ureña Biblioteca Pública Metropolitana Salomé Ureña 12/28/2021 Fundación Joaquín Balaguer BPMSU CD 946 B171e 2016 BPMSU25110097 11/25/2025 12/28/2021 Libros e.3